00249nam a2200085Ia 4500001000800000005001700008008004100025245006300066260003400129108419020250827002557.0250824s9999 xx 000 0 und d 0aFELATUN BEY İLE RAKIM EFENDİcAHMET MİTHAT EFENDİ bTÜRK DİL KURUMU YAYINLARI